コンテンツを見る

Хрестоматия для ятаги

Хрестоматия представляет собой собрание произведений из репертуара ансамблей ятагисток 70- 90-х годов XX века, имеет практическую и историческую значимость, связанную с исполнительством на бурятском народном инструменте ятага. Рекомендуется для использования в образовательных целях обучающимися по н...

詳細記述

保存先:
書誌詳細
フォーマット: Книга
言語:Russian
出版事項: Улан-Удэ ВСГИК 2024
オンライン・アクセス:https://e.lanbook.com/book/434621
https://e.lanbook.com/img/cover/book/434621.jpg
タグ: タグ追加
タグなし, このレコードへの初めてのタグを付けませんか!
LEADER 01691nam0a2200265 i 4500
001 434621
003 RuSpLAN
005 20241001102946.0
008 241001s2024 ru gs 000 0 rus
020 |a 979-0-706355-48-1 
040 |a RuSpLAN 
041 0 |a rus 
044 |a ru 
080 |a 781.98:787.79 
084 |a 85.956.9  |2 rubbk 
245 0 0 |a Хрестоматия для ятаги 
260 |a Улан-Удэ  |b ВСГИК  |c 2024 
300 |a 48 с. 
504 |a Библиогр.: доступна в карточке книги, на сайте ЭБС Лань 
520 8 |a Хрестоматия представляет собой собрание произведений из репертуара ансамблей ятагисток 70- 90-х годов XX века, имеет практическую и историческую значимость, связанную с исполнительством на бурятском народном инструменте ятага. Рекомендуется для использования в образовательных целях обучающимися по направлению подготовки 05.03.02 «Музыкально-инструментальное искусство», также может применяться в средних профессиональных образовательных учреждениях. 
521 8 |a Книга из коллекции ВСГИК - Музыка и театр 
521 8 |a СЭБ 
856 4 |u https://e.lanbook.com/book/434621 
856 4 8 |u https://e.lanbook.com/img/cover/book/434621.jpg 
953 |a https://e.lanbook.com/img/cover/book/434621.jpg